Normal view
MARC view
- Cárdenas García, Nicolás
Entry Nombre Personal
001 - NUMERO DE CONTROL
- campo de control: 43666
003 - IDENTIFICADOR DE NUMERO DE CONTROL
- campo de control: DLC
005 - FECHA Y HORA DE LA ÜLTIMA TRANSACCIÓN
- campo de control: 20220210195248.0
008 - DATOS DE LONGITUD FIJA
- campo de control de longitud fija: 880225n| acannaabn |a aaa d
010 ## - NÚMERO DE CONTROL DE LA BIBLIOTECA DEL CONGRESO
- Número de control LC: n 88035905
040 ## - FUENTE DE CATALOGACIÓN
- Agencia original de catalogación: DLC
- Lenguaje de catalogación: spa
- Agencia de transcripción: DLC
- Agencia que lo modifica: DLC
- Agencia que lo modifica: OCoLC
- Agencia que lo modifica: MX-MxUPN
100 1# - ENCABEZAMIENTO - NOMBRE PERSONAL
- Nombre personal: Cárdenas García, Nicolás
670 ## - FUENTE EN LA QUE SE LOCALIZARON DATOS
- Cita de la fuente: Belisario Domínguez, 1985:
- Información localizada: portada (Nicolás Cárdenas García)
670 ## - FUENTE EN LA QUE SE LOCALIZARON DATOS
- Cita de la fuente: La reconstrucción del Estado mexicano, c1992:
- Información localizada: portada (Nicolás Cárdenas García)
902 ## - CATALOGADOR
- Catalogador: VRC/100222
